| 000 | 00899nam a22002297a 4500 | ||
|---|---|---|---|
| 999 |
_c17428 _d17428 |
||
| 003 | AR-CdUCM | ||
| 008 | 190508b ||||| |||| 00| 0 spa d | ||
| 040 |
_aMUNICIPALIDAD PROVINCIAL DEL CUSCO _cBIBLIOTECA MUNICIPAL DEL CUSCO |
||
| 082 |
_22ed _a335.8 / _bL27 |
||
| 100 |
_aLaski, Harold J. _99989 |
||
| 245 | _aLos sindicatos en la nueva sociedad / | ||
| 260 |
_aMéxico : _bFondo de Cultura Económica, _c1957. |
||
| 300 |
_a195 páginas ; _c17 cm. |
||
| 440 |
_aBreviarios del Fondo de Cultura Económica _n52 _937439 |
||
| 505 | _aContenido: El significado cambiante del sindicalismo - Los sindicatos y el público - Los sindicatos y la ley - Los sindicatos y la democracia. | ||
| 650 |
_aSindicalismo _95257 |
||
| 650 |
_aDemocracia _92598 |
||
| 650 |
_aLey de sondicatos _937440 |
||
| 700 |
_aVasconcelos, Samuel (traducción) _937441 |
||
| 942 |
_2ddc _cLIBROS |
||
| 945 |
_adavv _d2019-05-08 |
||